Tribus urbanas: manual para comprender las nuevas subculturas juveniles
Αποθηκεύτηκε σε:
| Κύριος συγγραφέας: | |
|---|---|
| Μορφή: | Βιβλίο |
| Γλώσσα: | Ισπανικά |
| Έκδοση: |
Buenos Aires
Kier
2009
|
| Έκδοση: | 1a. ed |
| Σειρά: | Babilonia
|
| Θέματα: | |
| Ετικέτες: |
Προσθήκη ετικέτας
Δεν υπάρχουν, Καταχωρήστε ετικέτα πρώτοι!
|
MARC
| LEADER | 00000nam a2200000 a 4500 | ||
|---|---|---|---|
| 001 | UCG1437 | ||
| 003 | CL-VaPUC | ||
| 005 | 20240124091446.0 | ||
| 008 | 100506e20090000AG |||||||||||||||||spa|d | ||
| 999 | |c 340804 |d 340802 | ||
| 020 | |a 9789501754025 | ||
| 040 | |c Pontificia Universidad Católica de Valparaíso | ||
| 082 | 0 | 4 | |a 307.76 |b MOL |2 21 |
| 100 | 1 | |a Molina, Ignacio |e autor |9 508327 | |
| 245 | 1 | 0 | |a Tribus urbanas: manual para comprender las nuevas subculturas juveniles |
| 250 | |a 1a. ed | ||
| 260 | |a Buenos Aires |b Kier |c 2009 | ||
| 300 | |a 172 p | ||
| 490 | 0 | |a Babilonia | |
| 583 | |a last modification |c 20100506 00:00:00 |k Rodrigo Vera | ||
| 650 | 7 | |a TRIBUS URBANAS |2 CL-VaPUC |9 525906 | |
| 650 | 0 | |a Sociología urbana |9 268099 | |
| 650 | 0 | |a Antropología cultural |9 269905 | |
| 650 | 7 | |a GRUPOS MINORITARIOS |2 CL-VaPUC |9 337829 | |
| 650 | 7 | |a CONFLICTOS DE INTERESES |2 CL-VaPUC |9 380395 | |
| 650 | 0 | |a Juventud |9 271073 | |
| 942 | |c BK |2 ddc | ||
| 945 | |d 20100506 00:00:00 |a rbrito | ||
| 952 | |0 0 |1 0 |4 0 |6 307_760000000000000_MOL_2009 |7 0 |8 A |9 435837 |a BIBCUR |b BIBCUR |d 2019-11-22 |i 4668804 |o 307.76 MOL 2009 |p 4668804 |r 2025-04-22 |w 2019-11-22 |y BK |k MGC | ||
| 952 | |0 0 |1 0 |4 0 |6 307_760000000000000_MOL_2009 |7 0 |8 A |9 435838 |a BIBCUR |b BIBCUR |d 2019-11-22 |i 4668812 |l 1 |o 307.76 MOL 2009 |p 4668812 |r 2025-04-22 |s 2022-03-21 |w 2019-11-22 |y BK |k MGC | ||